| 000 | 01309cam a2200337 a 4500 | ||
|---|---|---|---|
| 001 | 1460579 | ||
| 003 | Ke-BoTe | ||
| 005 | 20220124144004.0 | ||
| 008 | 860415s1986 ilu b 000 0 eng | ||
| 010 | _a 86008464 | ||
| 020 | _a0802432840 | ||
| 040 |
_aDLC _cDLC _dDLC |
||
| 043 | _an-us--- | ||
| 050 | 0 | 0 |
_aHV5279 _b.D86 1986 |
| 082 | 0 | 0 |
_a261.8/32292 _219 |
| 100 | 1 |
_aDunn, Jerry. _92251 |
|
| 245 | 1 | 0 |
_aGod is for the alcoholic / _cby Jerry Dunn with Bernard Palmer.; CIP ver. yg05 03-21-97 |
| 250 | _aRev. and expanded [ed.] | ||
| 260 |
_aChicago : _bMoody Press, _cc1986. |
||
| 300 |
_a236 p. ; _c22 cm. |
||
| 504 | _aIncludes bibliographical references (p. [238]). | ||
| 650 | 0 |
_aAlcoholics _xRehabilitation _zUnited States. _92252 |
|
| 650 | 0 |
_aAlcoholism _xReligious aspects _xChristianity. _92253 |
|
| 650 | 0 |
_aAlcoholism _zUnited States. _92254 |
|
| 700 | 1 |
_aPalmer, Bernard, _d1914-1998. _92255 |
|
| 856 | 4 | 2 |
_3Publisher description _uhttp://www.loc.gov/catdir/enhancements/fy0609/86008464-d.html |
| 856 | 4 | 2 |
_3Contributor biographical information _uhttp://www.loc.gov/catdir/enhancements/fy1202/86008464-b.html |
| 856 | 4 | 1 |
_3Table of contents only _uhttp://www.loc.gov/catdir/enhancements/fy1202/86008464-t.html |
| 906 |
_a7 _bcbc _corignew _d1 _eocip _f19 _gy-gencatlg |
||
| 942 |
_2lcc _cBK _n0 |
||
| 999 |
_c1191 _d1191 |
||